Statistics for Hollywood Screen Legends Quiz

Click here to take the quiz!

General Stats

  • This quiz has been taken 28,715 times
    (28,706 since last reset)
  • The average score is 14 of 50

Answer Stats

Rank Actor % Correct
3Audrey Hepburn
70%
6Marilyn Monroe
69%
1Katharine Hepburn
65%
7Elizabeth Taylor
60%
1Humphrey Bogart
58%
7Clark Gable
54%
4Marlon Brando
49%
3James Stewart
48%
13John Wayne
48%
2Cary Grant
47%
18James Dean
47%
16Vivien Leigh
46%
2Bette Davis
43%
10Charlie Chaplin
40%
8Judy Garland
40%
13Grace Kelly
39%
5Fred Astaire
38%
15Gene Kelly
37%
5Greta Garbo
31%
6Henry Fonda
31%
14Ginger Rogers
30%
12Gregory Peck
30%
10Joan Crawford
28%
20Lauren Bacall
28%
4Ingrid Bergman
28%
14Laurence Olivier
27%
9Spencer Tracy
26%
17Kirk Douglas
26%
8James Cagney
25%
11Gary Cooper
24%
19Rita Hayworth
23%
21Sophia Loren
21%
18Shirley Temple
21%
16Orson Welles
20%
9Marlene Dietrich
19%
15Mae West
19%
22Sidney Poitier
18%
25Ava Gardner
18%
21Buster Keaton
17%
19Burt Lancaster
17%
20The Marx Brothers
14%
22Jean Harlow
14%
24Mary Pickford
14%
12Claudette Colbert
13%
25William Holden
13%
23Robert Mitchum
13%
11Barbara Stanwyck
13%
24Edward G. Robinson
11%
17Lillian Gish
10%
23Carole Lombard
10%

Score Distribution

Percentile by Number Answered

Percent of People with Each Score

Your Score History

You have not taken this quiz since the last reset